[Event "1st Goa GM Open 2018"]
[Site "Taleigao"]
[Date "2018.10.20"]
[Round "10"]
[White "Babujian, Levon"]
[Black "Kasparov, Sergey"]
[Result "1/2-1/2"]
[WhiteElo "2456"]
[BlackElo "2453"]
[Annotator "TA"]
[PlyCount "112"]
[EventDate "2018.10.13"]
[EventType "swiss"]
[EventCountry "IND"]
[SourceTitle "playchess.com"]
[Source "ChessBase"]
[SourceQuality "1"]

{[%evp 11,112,20,28,25,28,-2,0,-13,0,0,0,0,0,10,21,9,21,22,41,28,28,26,29,0,37,20,25,0,0,0,0,0,0,0,-10,-13,0,0,0,0,21,0,16,0,0,4,20,18,33,18,63,39,43,8,1,16,17,0,0,0,0,0,0,-29,-33,-35,-26,-50,-17,-27,-22,-27,-10,-7,-5,-25,-13,-12,0,0,0,0,0,0,0,0,0,0,0,-7,0,-4,0,0,0,-7,0,0,0,0,0,0,3]} 1. c4 c6 2. d4 d5 3. Nc3 Nf6 4. Nf3 a6 5. e3 Bf5 6. Bd3 {D15: Slav Defence: 4 Nc3 a6 and gambit lines after 4 Nc3 dxc4} (6. Qb3 b5 7. c5 a5 8. Nh4 Bc8 9. f4 g6 10. Bd3 Nh5 11. Nf3 Bf5 12. e4 a4 13. Qc2 dxe4 14. Bxe4 Bxe4 15. Nxe4 {0-1 (53) Gelfand,B (2703)-Grandelius,N (2655) Batumi 2018}) 6... e6 {LiveBook: 6 Games} 7. Bxf5 exf5 8. cxd5 {White has an edge.} cxd5 9. Ne5 Nc6 $146 (9... Bd6 {with more complications.} 10. O-O Nc6 11. Nxc6 bxc6 12. Qc2 g6) ({Predecessor:} 9... Be7 10. Qa4+ Nbd7 11. Nxd7 Qxd7 12. Qxd7+ Kxd7 13. Bd2 Rac8 {½-½ (24) Jurcik,M (2471)-Rausis,I (2482) Czechia 2010}) 10. Nxc6 bxc6 11. Qa4 Qb6 12. O-O Bb4 13. Bd2 O-O 14. Rfc1 Rfc8 15. Qc2 Bxc3 16. Bxc3 Ne4 17. a4 a5 18. Rab1 g6 19. Be1 f4 20. f3 Ng5 21. Qd2 Ne6 22. Bf2 fxe3 23. Qxe3 Re8 24. b3 Qa6 25. Re1 Rac8 26. Bh4 Ng7 27. Qd2 Qb6 28. Be7 Qc7 29. Bf6 Nh5 30. Bg5 (30. Be5 {is more complex.} Qa7 31. b4 axb4 32. Qxb4 Ra8 33. Bd6) 30... f6 31. Be3 (31. Bh4 {keeps more tension.} Kf7 32. Bf2 Nf4 33. Bg3 g5 34. Kf1) 31... Ng7 32. Rbc1 Qb6 33. Rc3 Kf7 34. Bf2 Rxe1+ 35. Bxe1 Ne6 36. Bf2 Qb4 37. Rd3 (37. h4 {is interesting.} c5 38. dxc5 d4 39. Rc2 Qxb3 40. Rb2) 37... Qxd2 38. Rxd2 $11 {[%mdl 4096] Endgame KRB-KRN} Ke7 39. Rd3 Kd7 40. Be1 Ra8 41. Kf1 Nf4 42. Rd1 Rb8 43. g3 Ne6 44. Rd3 {The position is equal.} c5 45. dxc5 Nxc5 46. Rxd5+ Kc6 47. Rd4 Rxb3 48. Rf4 f5 49. Bxa5 Kd5 50. Bd2 Ra3 51. a5 Nb3 52. Bb4 Ra1+ 53. Kg2 Nxa5 54. Bxa5 {[#] Bd8 is the strong threat.} Rxa5 55. Rh4 Ra7 56. Rb4 Ra8 {Precision: White = 59%, Black = 50%.} 1/2-1/2

[Event "1st Goa GM Open 2018"]
[Site "Taleigao"]
[Date "2018.10.20"]
[Round "10"]
[White "Akash G"]
[Black "Das, Sayantan"]
[Result "1/2-1/2"]
[WhiteElo "2424"]
[BlackElo "2425"]
[Annotator "TA"]
[PlyCount "140"]
[EventDate "2018.10.13"]
[EventType "swiss"]
[EventCountry "IND"]
[SourceTitle "playchess.com"]
[Source "ChessBase"]
[SourceQuality "1"]

{[%evp 17,140,0,3,0,0,0,0,0,0,0,11,0,19,-13,41,43,33,28,85,49,81,0,0,-38,-29,-96,-102,-89,-96,-104,-93,-168,-147,-176,-154,-191,-175,-189,-199,-197,-191,-236,-185,-242,-207,-265,-240,-354,-331,-331,-308,-332,-162,-238,-114,-127,-129,-125,-116,-107,-122,-112,-116,-220,-208,-219,-206,-310,-312,-351,-343,-348,-326,-307,-270,-251,-117,-129,-117,-123,-114,-105,0,0,0,0,0,0,0,0,0,0,0,0,0,0,0,0,0,0,0,0,0,0,0,0,8,0,0,0,0,0,8,0,0,0,0,0,0,0,0,0,0,0,0]} 1. e4 e6 2. d4 d5 3. Nc3 Nf6 4. e5 Nfd7 5. f4 c5 6. Nf3 Nc6 7. Be3 a6 8. Qd2 b5 9. dxc5 Bxc5 10. Bd3 {C11: French: Classical System: 4 e5 and 4 Bg5 dxe4} Qb6 11. Bf2 h6 12. O-O Bb7 13. Rae1 (13. a3 Bxf2+ 14. Qxf2 Qxf2+ 15. Kxf2 g5 16. g3 Rg8 17. Ne2 Ke7 {½-½ (41) Gledura,B (2621)-Bluebaum,M (2618) Batumi 2018}) 13... O-O-O 14. Nd1 $146 ({Predecessor:} 14. a3 Rdg8 15. b4 Bxf2+ 16. Rxf2 g5 17. a4 Nxb4 18. Nxb5 axb5 19. Qxb4 bxa4 20. Qxa4 {1-0 (43) Yogit,S (2239)-Hari,M (1988) Chennai 2017}) 14... Rdg8 15. Kh1 (15. f5 {keeps more tension.} g6 16. fxg6 fxg6 17. c3 g5 18. Bc2) 15... Bxf2 (15... g5 $11) 16. Nxf2 $14 Kb8 17. c3 Re8 (17... Rc8 $11) 18. Bc2 Rd8 19. a4 (19. b4 $16) 19... b4 $1 $11 20. Nd4 Rc8 21. Rc1 (21. Ng4 $11 {keeps the balance.}) 21... bxc3 $17 22. bxc3 Nxd4 23. cxd4 Rc4 24. Rb1 (24. Rcd1 $17) 24... Qxd4 $19 (24... Rxd4 25. Qe2 $15) 25. Qe2 Nc5 (25... Qxf4 26. Bd3 $11) 26. Bd3 Nxd3 (26... Qxf4 27. Bxc4 dxc4 28. Ng4 $16) 27. Nxd3 Rhc8 ({Don't take} 27... Rxa4 28. f5 $15) 28. Rfd1 R8c7 ({Don't play} 28... Rxa4 29. Qh5) 29. Qg4 g6 30. Qh4 (30. Qg3 $142) 30... Qe4 31. Qxh6 ({Much weaker is} 31. Qd8+ Ka7 $17) 31... d4 {[%csl Gb7][%cal Re4g2]} 32. Qg5 (32. Qh3 {is a better defense.}) 32... Rc2 33. Ne1 Rf2 {[%cal Rf2f1]} 34. Kg1 Rxf4 (34... Qe3 $142 35. Qd8+ Rc8 36. Rxb7+ Kxb7 37. Qxd4 Qxd4 38. Rxd4 Ra2 39. Rb4+ Kc6) 35. Rd3 (35. h3 $142) 35... Qf5 $40 {[%mdl 128] Black attacks with force.} (35... Rd7 $19 {is more deadly.} 36. h3 Ka7) 36. Qxf5 $17 Rxf5 37. Nf3 Ka7 {Threatens to win with ...Be4.} 38. Rxd4 Bxf3 39. gxf3 Rxf3 40. Rf1 (40. Re4 $17) 40... Rxf1+ $1 $19 41. Kxf1 {[%mdl 4096] Endgame [#] KR-KR} Kb6 $1 42. Kf2 (42. Kg2 {was necessary.}) 42... Rc5 43. Re4 {[#]} Kc6 $1 44. Kg3 Kd5 45. Re2 Rc4 46. a5 Rc3+ (46... Ra4 $19 47. Rf2 Kxe5 48. Rxf7 Rxa5) 47. Kf4 $17 Rc1 48. Rd2+ Kc5 49. Rf2 Kb4 ({Black should play} 49... Rg1 $17 {And now ...g5+ would win.} 50. h4 Kb4) 50. Kg5 $11 {The position is equal.} Rc7 51. Ra2 Kb3 52. Rf2 Kb4 53. Ra2 Kc3 54. Kf6 Kd4 55. Rd2+ Ke4 56. Rd6 Ra7 57. Rd8 Kf4 58. Rd4+ Kf3 59. Rh4 Rc7 60. Rh7 Ke4 61. Rxf7 Rc5 62. Kxg6 Kxe5 63. h4 {Black must now prevent h5.} Rxa5 64. Rf1 Ra2 65. Rh1 Rg2+ 66. Kf7 Rf2+ 67. Kg7 Rg2+ 68. Kf7 Rf2+ 69. Kg7 Rg2+ 70. Kf7 Rf2+ {Precision: White = 49%, Black = 56%.} 1/2-1/2

[Event "1st Goa GM Open 2018"]
[Site "Taleigao"]
[Date "2018.10.20"]
[Round "10"]
[White "Dhulipalla Bala Chandra Prasa"]
[Black "Niraj, Saripalli"]
[Result "1/2-1/2"]
[WhiteElo "2380"]
[BlackElo "2206"]
[Annotator "TA"]
[PlyCount "58"]
[EventDate "2018.10.13"]
[EventType "swiss"]
[EventCountry "IND"]
[SourceTitle "playchess.com"]
[Source "ChessBase"]
[SourceQuality "1"]

{[%evp 18,58,61,70,70,54,86,87,98,100,99,79,135,31,36,36,50,3,15,0,36,-14,0,0,0,0,0,0,0,-35,-20,-29,26,7,27,-110,-107,-111,-110,-155,-149,-494,-464]} 1. d4 d5 2. c4 e6 3. Nf3 Nf6 4. g3 dxc4 5. Bg2 a6 6. O-O Nc6 7. e3 Rb8 8. Nfd2 e5 {E04: Open Catalan: 5 Nf3} 9. Bxc6+ bxc6 10. dxe5 {LiveBook: 43 Games} Nd5 $146 {White is slightly better.} ({Predecessor:} 10... Ng4 11. Nxc4 Be6 12. Nbd2 h5 13. f3 Rb4 14. fxg4 Bxc4 15. Nxc4 Qxd1 16. Rxd1 Rxc4 {1-0 (40) Ding,L (2777)-Mamedyarov,S (2799) Huaian 2017}) 11. Qe2 h5 12. Nxc4 h4 {[#]} 13. g4 $1 h3 14. e4 Bc5 (14... Nb6 $142) 15. Kh1 (15. exd5 $16 cxd5 16. Ne3) 15... Nb4 $14 16. Rd1 Qh4 17. f3 {Threatens to win with a3.} Be6 {aiming for ...Bxc4.} 18. Nba3 O-O 19. b3 Rbd8 20. Be3 Bxe3 21. Nxe3 Qg5 22. Nac4 {And now a3 would win.} c5 23. a3 Nc6 24. Qf1 Nd4 (24... Rd4 $142) 25. f4 $11 Qh4 26. f5 (26. Rd3 $11 {keeps the balance.}) 26... Bxc4 27. bxc4 {[#]} Nb3 $1 {[%cal Rb3a1]} 28. Rxd8 Rxd8 29. Rb1 $2 {[%mdl 8192]} (29. Rd1 $17 Rxd1 30. Nxd1) 29... Nd2 $1 {[%csl LRb1,LRe4,LRf1][%mdl 32768] Precision: White = 37%, Black = 54%. . An unexpected result.} 1/2-1/2

[Event "1st Goa GM Open 2018"]
[Site "Taleigao"]
[Date "2018.10.20"]
[Round "10"]
[White "Rathnakaran, K.."]
[Black "Neelotpal, Das"]
[Result "1-0"]
[WhiteElo "2366"]
[BlackElo "2436"]
[Annotator "TA"]
[PlyCount "99"]
[EventDate "2018.10.13"]
[EventType "swiss"]
[EventCountry "IND"]
[SourceTitle "playchess.com"]
[Source "ChessBase"]
[SourceQuality "1"]

{[%evp 18,99,0,-10,8,-8,-5,0,-16,-54,31,-4,28,26,30,30,39,44,66,35,39,29,41,46,68,69,78,62,91,0,13,0,96,63,94,-10,-15,-10,-10,-7,-15,-17,0,0,13,13,35,28,47,36,70,70,61,43,65,33,70,63,68,72,178,181,168,166,193,201,261,261,303,295,546,439,545,424,1239,1187,3301,3791,29979,29980,29989,29990,29994,29995]} 1. e4 e5 2. Nf3 Nc6 3. Bc4 Nf6 4. Qe2 Be7 5. c3 O-O 6. Bb3 {C55: Two Knights: 4 d3, 4 d4 exd4 5 e5 and Max Lange Attack} d6 7. d3 Na5 8. Bc2 c5 9. Nbd2 {[%cal Bb1d2,Bd2c4,Bc4e3,Be3f5][%mdl 32]} Nc6 10. h3 {LiveBook: 3 Games} Ne8 $146 ({Predecessor:} 10... Re8 11. g4 d5 12. Nf1 b5 {0-1 (34) Vajda,L (2569)-Pavlidis,A (2479) Pardubice 2014}) 11. a4 Nc7 12. Nc4 Be6 13. h4 f6 (13... h6 $15) 14. h5 d5 15. Ne3 $1 Qd7 16. Nh4 Rfd8 17. Nef5 Bf8 18. Qg4 Ne7 19. f4 exf4 20. Bxf4 dxe4 21. dxe4 {[%cal Bd3e4,Be4f5][%mdl 32]} Nxf5 22. exf5 Bf7 {[#]} 23. O-O (23. Ng6 $1 $16 {[%mdl 512]}) 23... Nd5 $11 24. Rad1 {Black must now prevent c4.} Qc6 (24... c4 $1 $11 {remains equal.}) 25. Bc1 $1 $16 c4 26. h6 (26. Rfe1 $16) 26... Qb6+ $1 $11 27. Kh1 $1 Ne3 28. Bxe3 $1 Qxe3 29. hxg7 Bxg7 30. Be4 h5 31. Qf3 Qxf3 32. Nxf3 Bh6 33. a5 {[%cal Ba4a5,Ba5a6][%mdl 32] aiming for a6.} Rab8 34. Rxd8+ Rxd8 35. Bxb7 Bf4 36. a6 Be3 37. Kh2 Bb6 38. Kh3 Re8 (38... Kg7 $16) 39. Rd1 $1 $18 Re2 40. Rd6 $1 {[%cal Rd6b6]} Rxb2 41. Rxf6 {Threatens to win with Ne5.} Rb3 {[#]} 42. g4 $1 hxg4+ 43. Kxg4 Bd8 $2 {[#]} (43... Kg7 {was necessary.} 44. Rc6 Rb5) 44. Rd6 $1 {[%cal Rd6d8]} Be7 45. Rd7 Bf6 (45... Kf8 $142 46. Be4 Rxc3 47. Rxa7 Re3) 46. Ng5 Bxg5 47. Kxg5 Rxc3 48. Kf6 {White mates.} Be8 49. Bd5+ Kf8 50. Rh7 {Precision: White = 64%, Black = 29%.} 1-0

[Event "1st Goa GM Open 2018"]
[Site "Taleigao"]
[Date "2018.10.20"]
[Round "10"]
[White "Abhishek, Kelkar"]
[Black "Singh, D.P."]
[Result "0-1"]
[WhiteElo "2359"]
[BlackElo "2132"]
[Annotator "TA"]
[PlyCount "40"]
[EventDate "2018.10.13"]
[EventType "swiss"]
[EventCountry "IND"]
[SourceTitle "playchess.com"]
[Source "ChessBase"]
[SourceQuality "1"]

{[%evp 9,40,48,84,37,47,16,84,35,43,-10,20,-52,-60,-69,-23,-7,-16,-26,7,-124,-48,-32,-44,-141,-151,-355,-345,-577,-568,-662,-672,-665,-650]} 1. b3 Nh6 (1... d5 2. Bb2 c5 3. e3 Nc6 4. Nf3 Nf6 5. Bb5 Bd7 6. c4 a6 7. Bxc6 Bxc6 8. Ne5 Rc8 9. O-O e6 10. d3 Be7 11. Nd2 O-O 12. f4 Nd7 13. Nxc6 Rxc6 {1-0 (33) Karjakin,S (2773)-Duda,J (2737) chess.com INT 2018}) 2. Bb2 f6 3. c4 $146 ({Vorgänger:} 3. h4 d5 4. e3 a6 5. d4 c5 6. dxc5 e5 7. c4 Be6 8. cxd5 Qxd5 9. Qxd5 Bxd5 {1-0 (49) Lagarde,M (2615)-Mory,E (2144) Cannes 2018}) 3... c5 4. g3 Nc6 5. Bg2 g6 6. h4 {A01: Larsen-Eröffnung} Bg7 7. Nf3 O-O (7... e5 $1 $11) 8. d3 {Weiß steht besser.} d6 9. Nbd2 (9. Qd2 $14) 9... a5 10. d4 ({Lieber} 10. Ne4 $11) 10... f5 $1 $15 {[%cal Rc5d4]} 11. h5 Ng4 12. hxg6 hxg6 13. e3 e6 14. a4 {[#]} (14. Kf1 $11) 14... cxd4 ({Günstiger ist} 14... Nb4 $1 $17 {[%cal Rb4d3] Und weiter mit ...Sd3+ wäre nett.} 15. O-O e5 16. dxe5 dxe5) 15. Nxd4 Nb4 $1 {[%cal Bc6b4,Bb4d3,Bd3b2][%mdl 32] Weiss muss nun ...Sd3+ beachten.} 16. Ke2 {[#]} (16. Qb1 $15) 16... Nd3 $1 $36 {[%cal Rd3f2][%mdl 2560] Schwarz bestimmt, wo es lang geht.} 17. f3 $2 (17. Qb1 $17 Ndxf2 18. Rf1 Bxd4 19. Bxd4) (17. Kxd3 Nxf2+) 17... Nxb2 $19 18. Qc2 $2 {[#]} (18. Qg1 Ne5 19. f4) 18... Nxe3 $1 {Schwarz steht klar auf Gewinn.} 19. Kxe3 Qg5+ 20. f4 Qxg3+ {Precision: Weiß =  3%, Schwarz = 45%.} 0-1

[Event "1st Goa GM Open 2018"]
[Site "Taleigao"]
[Date "2018.10.20"]
[Round "10"]
[White "Anuj Shrivatri"]
[Black "Ram, S. Krishnan"]
[Result "1-0"]
[WhiteElo "2345"]
[BlackElo "2131"]
[Annotator "TA"]
[PlyCount "138"]
[EventDate "2018.10.13"]
[EventType "swiss"]
[EventCountry "IND"]
[SourceTitle "playchess.com"]
[Source "ChessBase"]
[SourceQuality "1"]

{[%evp 10,138,20,6,47,41,82,56,72,57,76,68,72,67,61,45,31,34,39,0,10,0,0,0,7,-22,24,0,0,0,0,0,21,20,10,0,0,0,32,0,15,20,22,9,9,0,22,25,48,39,47,18,100,107,93,44,64,57,72,80,67,70,62,62,179,186,208,204,222,200,208,207,216,211,257,255,272,222,212,218,185,122,135,79,80,47,48,0,0,0,0,0,0,0,0,0,0,0,0,0,0,0,0,0,0,0,0,0,0,0,0,0,0,0,0,0,0,0,12850,12851,29964,29965,29961,29965,29966,0,12851,0,12851,12851,12851]} 1. Nf3 e6 2. g3 b5 3. Bg2 Bb7 4. O-O Nf6 5. d3 d5 6. c4 b4 {A05: Réti Opening: 1 Nf3 Nf6} (6... a6 7. cxd5 Nxd5 8. a4 Be7 9. Nc3 O-O 10. axb5 Nxc3 11. bxc3 axb5 12. Rxa8 Bxa8 13. Qb3 Bc6 14. Be3 {½-½ (57) Short,N (2670)-Hou,Y (2649) Hoogeveen 2016}) 7. cxd5 Bxd5 8. Nbd2 $146 ({Predecessor:} 8. a3 a5 9. axb4 axb4 10. Rxa8 Bxa8 11. Nbd2 Be7 12. Nc4 Nbd7 13. Bd2 O-O 14. Qa4 c5 15. Qa7 Bd5 16. Bf4 Qa8 17. Ra1 Qxa7 18. Rxa7 Ra8 19. Rxa8+ {½-½ (19) Mandel,A (2391)-Boguslavsky,O (2417) Germany 2007}) 8... Nbd7 {White is slightly better.} 9. b3 Be7 10. Bb2 O-O 11. e4 Bb7 12. Qe2 a5 13. Nc4 a4 14. Qc2 a3 15. Bd4 c5 16. Be3 Rc8 17. h3 Nb8 18. Nfe5 Nfd7 19. Nxd7 Nxd7 20. Rfd1 e5 21. h4 Qc7 22. Bh3 Rcd8 23. Rac1 Nb8 24. Nd2 (24. f4 {is interesting.} f6 25. fxe5 fxe5 26. Be6+ Kh8 27. Rf1) 24... Bc8 (24... Nd7 {keeps more tension.} 25. Qc4 Nf6 26. Nf3 Bd6 27. Bg5 Qe7) 25. Bxc8 Rxc8 26. Nc4 Nc6 27. Qe2 Na7 28. Qh5 f6 29. f4 exf4 30. Qd5+ Kh8 (30... Rf7 $1 $11 {keeps the balance.} 31. Bxf4 Qc6) 31. Bxf4 $16 Qd8 32. Qxd8 (32. Nd6 {is more complex.} Bxd6 33. Bxd6 Nb5 34. Bxf8 Qxf8 35. Rd2) 32... Rfxd8 33. Nb6 Rc6 34. Nd5 Bf8 35. Rc4 f5 36. Bg5 $36 {[%mdl 2048] White is pushing.} Rd7 (36... Re8 $1 $14) 37. Rf1 $18 g6 38. g4 $1 Rf7 39. gxf5 gxf5 40. Rxf5 ({Resist} 40. exf5 $6 Rd6 $16) 40... Rxf5 41. exf5 h6 42. Be3 Kg7 43. Nxb4 cxb4 44. Bxa7 {[%mdl 4096] Endgame KRB-KRB} Rd6 {[#]} 45. Rc7+ (45. d4 $1 $18) 45... Kf6 $16 46. d4 (46. Bc5 $142 Rd8 47. Bxf8 Rxf8 48. Rc4) 46... Rd5 47. Kg2 Rxf5 48. Bc5 Bxc5 49. Rxc5 $11 {KR-KR} Rf4 50. Rc4 Re4 51. Rxb4 Re2+ 52. Kf3 Rxa2 53. Rb6+ Kf5 54. Rxh6 {Black must now prevent Ra6.} Rb2 55. Rh5+ Ke6 56. Rb5 a2 57. Ra5 {Strongly threatening Ke4.} Rxb3+ 58. Kf4 Rd3 59. Ra6+ Kf7 60. Ra7+ Ke6 61. Ra6+ Kf7 62. Ke5 Re3+ 63. Kd5 Rh3 $2 {[%mdl 8192] [#]} (63... Re2 $11) 64. Rxa2 $18 Rxh4 65. Re2 Rh8 66. Kc6 Rh3 67. Ra2 $2 (67. d5 {mates} Rh1 68. d6 Rc1+ 69. Kd7 Rd1 70. Rf2+ Kg7 71. Kc7 Rc1+ 72. Kd8) 67... Rh4 68. Kd5 $2 (68. d5 $18 Rh1 69. d6) 68... Rh8 $2 {[%mdl 8192]} (68... Ke8 $11) 69. Re2 Rh4 {Precision: White = 56%, Black = 42%.} 1-0

[Event "1st Goa GM Open 2018"]
[Site "Taleigao"]
[Date "2018.10.20"]
[Round "10"]
[White "Siva Mahadevan"]
[Black "Prasannaa.s"]
[Result "1-0"]
[WhiteElo "2341"]
[BlackElo "2124"]
[Annotator "TA"]
[PlyCount "63"]
[EventDate "2018.10.13"]
[EventType "swiss"]
[EventCountry "IND"]
[SourceTitle "playchess.com"]
[Source "ChessBase"]
[SourceQuality "1"]

{[%evp 16,62,78,77,88,5,0,0,0,-12,0,0,0,22,4,20,0,-20,-35,-26,-21,-14,4,0,0,-4,84,68,155,156,138,150,155,143,263,220,331,335,314,323,1335,1298,29994,29995,29995,29996,29997,29998,29999]} 1. e4 d6 2. d4 Nf6 3. Nc3 Nbd7 4. Nf3 e5 5. g4 (5. Bc4 Be7 6. a4 O-O 7. O-O c6 8. Re1 b6 9. h3 a6 10. Ba2 Rb8 11. Be3 b5 12. axb5 axb5 13. b4 Bb7 14. Bb3 exd4 15. Nxd4 d5 16. exd5 Bxb4 17. Bd2 cxd5 18. Ncxb5 Bxd2 19. Qxd2 {½-½ (30) Kryvoruchko,Y (2705)-Laznicka,V (2671) Brest 2018}) 5... g6 6. g5 {C41: Philidor Defence} Nh5 7. Be3 c6 8. Qd2 Be7 9. O-O-O {LiveBook: 3 Games} O-O 10. Bh3 $146 (10. a3 $16) ({Predecessor:} 10. Kb1 Qc7 11. h4 b5 12. d5 b4 {1-0 (39) Risting,E (2175)-Peng,Z (2380) Novi Sad 2016}) 10... exd4 $11 11. Nxd4 Ne5 12. Bxc8 Nc4 13. Qe2 Nxe3 14. fxe3 (14. Qxe3 $2 Bxg5 15. Bxb7 Bxe3+ $19) 14... Qxc8 15. Nf5 Qe6 (15... Bxg5 $2 16. Rhg1 $18) 16. Qf3 f6 17. h4 Rae8 18. Kb1 Qe5 19. Ne2 d5 20. Nh6+ Kh8 (20... Kg7 $11) 21. exd5 $16 cxd5 ({Better is} 21... Bc5 $14) 22. Rxd5 Qc7 {Threatening ...fxg5.} 23. Qg4 Bc5 24. Rhd1 Re7 (24... Bxe3 $16 {is a better defense.} 25. Nc3 (25. Rd7 Qc6 $14) 25... fxg5 26. hxg5 Qf4) 25. Nd4 Bxd4 (25... fxg5 $142 26. Qxg5 (26. hxg5 Ng7 $16) 26... Bxd4 27. R5xd4 Ree8) 26. Qxd4 $18 (26. R5xd4 f5 $16) 26... Qb6 27. Rd8 Rfe8 $2 (27... Ree8 28. Rd7 Qxd4 29. exd4 Re4) 28. Qd5 {[#] Qg8+! would kill now.} Qe6 29. Rxe8+ {White mates.} Rxe8 30. Qxe6 Rxe6 31. Rd8+ Kg7 32. Rg8# {Precision: White = 67%, Black = 27%.} 1-0

[Event "1st Goa GM Open 2018"]
[Site "Taleigao"]
[Date "2018.10.20"]
[Round "10"]
[White "Sahoo, Utkal Ranjan"]
[Black "Ramnathan, Balasubramaniam"]
[Result "1/2-1/2"]
[WhiteElo "2332"]
[BlackElo "2142"]
[Annotator "TA"]
[PlyCount "67"]
[EventDate "2018.10.13"]
[EventType "swiss"]
[EventCountry "IND"]
[SourceTitle "playchess.com"]
[Source "ChessBase"]
[SourceQuality "1"]

{[%evp 26,67,19,0,13,22,27,12,15,24,11,0,8,-9,13,14,10,0,0,0,0,0,0,0,0,0,0,0,0,0,0,-6,0,0,0,-29,-23,-24,-21,-28,0,0,0,-22]} 1. e4 e5 2. Nf3 Nf6 3. Nxe5 d6 4. Nf3 Nxe4 5. d4 d5 6. Bd3 Bd6 7. O-O O-O 8. c4 c6 9. Nc3 Nxc3 10. bxc3 dxc4 11. Bxc4 Bg4 12. h3 Bh5 13. Re1 Nd7 {C42: Petroff Defence: 3 Nxe5 and unusual White 3rd moves} 14. Bd3 {LiveBook: 7 Games} (14. g4 Bg6 15. Bg5 Qc7 16. Nh4 b5 17. Nxg6 hxg6 18. Bb3 a5 19. Qf3 Nb6 20. Re2 Rae8 21. Rae1 Rxe2 22. Rxe2 Qd7 {½-½ (22) Navara,D (2656)-Ivanchuk,V (2787) Heraklio 2007}) 14... Qa5 15. Bd2 Rfe8 $146 ({Predecessor:} 15... Rae8 16. c4 Qd8 17. Rb1 b6 18. Bc3 Rxe1+ 19. Bxe1 Re8 20. Rb3 Bxf3 21. gxf3 Qg5+ 22. Kf1 Bh2 {0-1 (22) Jicman,L (2188)-Kummer,H (2362) Vienna 2011}) 16. c4 Rxe1+ 17. Qxe1 Qc7 18. Qe3 Nf6 19. Re1 Bg6 20. Bxg6 hxg6 21. Ng5 Qd7 22. Ne4 Be7 23. Ng5 Bd6 24. Qd3 Rd8 25. Nf3 (25. Qb3 {seems wilder.} b6 26. Rd1 Re8 27. Be3 b5 28. Rc1) 25... Re8 26. Rxe8+ Qxe8 27. Kf1 b5 28. Bg5 bxc4 29. Qxc4 Nd5 30. Qa6 Qe4 31. Bd2 Qb1+ 32. Ke2 Qe4+ 33. Kf1 Qb1+ 34. Ke2 {Precision: White = 45%, Black = 82%.} 1/2-1/2

[Event "1st Goa GM Open 2018"]
[Site "Taleigao"]
[Date "2018.10.20"]
[Round "10"]
[White "Mohammad Minhaz Uddin"]
[Black "Nair, Sanjeev"]
[Result "1-0"]
[WhiteElo "2328"]
[BlackElo "2081"]
[Annotator "TA"]
[PlyCount "28"]
[EventDate "2018.10.13"]
[EventType "swiss"]
[EventCountry "IND"]
[SourceTitle "playchess.com"]
[Source "ChessBase"]
[SourceQuality "1"]

{[%evp 13,28,0,0,0,8,-31,9,-21,36,-30,-20,-104,14,22,24,-10,43]} 1. e4 c5 2. Nf3 d6 3. d4 cxd4 4. Nxd4 Nf6 5. Nc3 e5 6. Be2 {B56: Classical Sicilian: Unusual Lines} Be7 7. Nb3 O-O {LiveBook: 4 Games} 8. O-O a5 9. Kh1 Be6 (9... a4 $5 {[%cal Ra4b3]} 10. Nd2 Nc6 $11) 10. f4 Bd7 (10... a4 $11 11. Nd2 exf4) 11. f5 $146 ({White should try} 11. a4 $14) ({Predecessor:} 11. Be3 Nc6 12. a4 Nb4 13. Bf3 Qc7 14. Qe2 d5 15. fxe5 Nxe4 16. Nxe4 dxe4 17. Bxe4 Qxe5 18. Bf4 Qe6 19. Nd4 Qb6 20. c3 Rae8 21. cxb4 {1-0 (29) Stellwagen,D (2576)-Popovic,P (2483) Germany 2007}) 11... Bc6 12. Bg5 (12. Nd2 $11 {keeps the balance.}) 12... Na6 (12... Nxe4 $17 13. Bxe7 Nxc3 14. Bxd8 Nxd1 15. Raxd1 Rxd8) 13. Bxf6 Bxf6 14. Nd5 Bd7 {Precision: White = 14%, Black = 33%.} (14... a4 $11 15. Bxa6 Rxa6) 1-0